| 000 | 00852nam a2200277Ia 4500 | ||
|---|---|---|---|
| 001 | Z_2026 | ||
| 003 | CHAP | ||
| 008 | 220113s1997 xx 000 0 und d | ||
| 010 | _a165099 | ||
| 040 | _cCHAP | ||
| 090 | _aFolleto 342 | ||
| 100 |
_aJuárez Zárate, Angel _962505 |
||
| 245 |
_aCaracterísticas generales y potencial productivo del avestruz (Struthio camelus) / _cpor Angel Juárez Zárate y Federico Salvador Torres |
||
| 260 |
_aChihuahua, Chih. : _bUniversidad Autonóma de Chihuahua. Facultad de Zootecnia, _c1997 |
||
| 300 | _a37 p. | ||
| 440 | _a | ||
| 500 | _a | ||
| 503 | _a | ||
| 650 |
_aAvestruz I. Salvador Torres, Federico II. Universidad Autónoma de Chihuahua. Facultad de Zootecnia III. t. _9139127 |
||
| 901 | _aFolleto 342 | ||
| 902 | _aA | ||
| 910 | _a1997 | ||
| 942 | _cc14 | ||
| 942 | _cc14 | ||
| 999 |
_c165099 _d165099 |
||